000 00785nam a2200253 i 4500
001 C2-0324936
003 PPAK
005 20180728123102.0
008 140106s2013 my |||| ||||| | may d
020 _a9839188895 ; 9789839188899
040 _aPPAK
_beng
_cPPAK
_erda
082 0 4 _a297.3824
_223
090 0 0 _a297.3824
_bDOA
_dG
245 0 0 _aDoa-doa pelajar untuk mencapai kecemerlangan dunia & akhirat
264 1 _aBatu Caves, Selangor :
_bAl-Hidayah Publications ,
_c2013
300 _axix, 194 pages ;
_c19 cm
336 _2rdacontent
_atext
337 _2rdamedia
_aunmediated
338 _2rdacarrier
_avolume
500 _aMengandungi ayat-ayat dari Al-Quran.
650 1 0 _aIslam - Prayers and devotions.
700 0 _aMd. Fikri Yaaseen,
_ecompile
942 _ddc
_cB
999 _c124722
_d124722